Statistics for Biggest Cities with Exceptions

Click here to take the quiz!

General Stats

  • This quiz has been taken 24,651 times
    (11,344 since last reset)
  • The average score is 33 of 48

Answer Stats

Population Urban Area % Correct
22.1 milNew York City
99%
14.8 milLondon
97%
17.7 milLos Angeles
96%
11.4 milParis
96%
23.0 milMexico City
92%
4.73 milBerlin
92%
17.3 milMoscow
91%
6.55 milMadrid
91%
13.2 milRio de Janeiro
90%
21.0 milCairo
88%
9.75 milChicago
88%
16.4 milBuenos Aires
83%
22.4 milSão Paulo
82%
7.85 milSan Francisco
81%
4.78 milBarcelona
80%
5.30 milSydney
80%
13.9 milJohannesburg
79%
6.40 milMiami
79%
6.75 milHouston
79%
7.20 milDallas
78%
7.45 milToronto
77%
19.4 milLagos
76%
8.55 milWashington, DC /
Baltimore
75%
7.75 milBoston
73%
16.0 milIstanbul
73%
9.60 milBogotá
73%
10.1 milLima
73%
7.25 milSantiago
71%
5.65 milSaint Petersburg
71%
4.43 milSeattle
68%
6.20 milMilan
68%
7.35 milPhiladelphia
65%
4.95 milMelbourne
65%
12.4 milKinshasa
59%
5.85 milAtlanta
59%
5.90 milNairobi
59%
5.75 milDetroit
53%
4.70 milPhoenix
52%
5.80 milAlexandria
44%
5.35 milGuadalajara
40%
6.45 milDar es Salaam
39%
6.30 milKhartoum
38%
4.48 milCasablanca
35%
8.15 milLuanda
34%
5.00 milBelo Horizonte
30%
5.00 milMonterrey
29%
5.10 milAccra
29%
5.60 milAbidjan
20%

Score Distribution

Percentile by Number Answered

Percent of People with Each Score

Your Score History

You have not taken this quiz since the last reset